Statistiques concernant Pays ayant des monarchies absolues

Cliquez ici pour prendre le quiz!

Statistiques générales

  • Ce quiz a été pris 4 866 fois
  • Le résultat moyen est 3 sur 6

Statistiques - réponses

Pays% Correct
Arabie Saoudite
95%
Qatar
75%
Oman
62%
Brunei
48%
Vatican
32%
Eswatini
23%

Distribution des résultats

Percentile par nombre de réponses

% des personnes avec chaque résultat

Votre développement - résultats

Vous n’avez pas pris ce quiz